Being Bernard Berenson : A biography
Saved in:
| Main Author: | |
|---|---|
| Format: | Book |
| Language: | Undetermined |
| Published: |
New York
Holt, Rinehart and Winston
1979
|
| Subjects: | |
| Tags: |
Add Tag
No Tags, Be the first to tag this record!
|
| Institutions: | Trung tâm Học liệu Trường Đại học Cần Thơ |
|---|
| LEADER | 00555nam a2200217Ia 4500 | ||
|---|---|---|---|
| 001 | CTU_77676 | ||
| 008 | 210402s9999 xx 000 0 und d | ||
| 082 | |a 709 | ||
| 082 | |b S446 | ||
| 100 | |a Secrest, Meryle | ||
| 245 | 0 | |a Being Bernard Berenson : | |
| 245 | 2 | |b A biography | |
| 245 | 0 | |c Meryle Secrest | |
| 260 | |a New York | ||
| 260 | |b Holt, Rinehart and Winston | ||
| 260 | |c 1979 | ||
| 650 | |a Art historians | ||
| 650 | |x Biography | ||
| 650 | |z United States | ||
| 904 | |i Năm | ||
| 980 | |a Trung tâm Học liệu Trường Đại học Cần Thơ | ||